Normal view
MARC view
- تاليف السنوي،جمال الدين؛حققه محمد حسن عواد
Entry Personal Name
001 - CONTROL NUMBER
- control field: 24329
003 - CONTROL NUMBER IDENTIFIER
- control field: JO-AjAnu
005 - DATE AND TIME OF LATEST TRANSACTION
- control field: 20230606074155.0
008 - FIXED-LENGTH DATA ELEMENTS
- fixed length control field: 230606|| aca||aabn | a|a d
040 ## - CATALOGING SOURCE
- Original cataloging agency: JO-AjAnu
- Transcribing agency: JO-AjAnu
100 ## - HEADING--PERSONAL NAME
- Personal name: تاليف السنوي،جمال الدين؛حققه محمد حسن عواد
670 ## - SOURCE DATA FOUND
- Source citation: Work cat.: (JO-AjAnu)12509: تاليف السنوي،جمال الدين؛حققه محمد حسن عواد, author, الكوكب الدري فيما يتخرج على الأصول النحوية من الفروع الفقهية، القسم الاول